Eugenio Granell: Consorcio da cidade de Santiago Auditorio de Compostela / (Registro nro. 42900)
[ vista simple ]
| 000 -CABECERA | |
|---|---|
| campo de control de longitud fija | 00584nam a2200157 a 4500 |
| 001 - NÚMERO DE CONTROL | |
| campo de control | 000043411 |
| 005 - FECHA Y HORA DE LA ÚLTIMA TRANSACCIÓN | |
| campo de control | 20201002040905.0 |
| 008 - DATOS DE LONGITUD FIJA--INFORMACIÓN GENERAL | |
| campo de control de longitud fija | 140314s1993 sp f 000 0 spa d |
| 020 ## - NÚMERO INTERNACIONAL ESTÁNDAR DEL LIBRO | |
| Número Internacional Estándar del Libro | 8488484011 |
| 040 ## - FUENTE DE LA CATALOGACIÓN | |
| Centro catalogador/agencia de origen | DO-SdBNP |
| Lengua de catalogación | spa |
| Centro/agencia transcriptor | BNPHU |
| 100 1# - ENTRADA PRINCIPAL--NOMBRE DE PERSONA | |
| Nombre de persona | Granell, Eugenio |
| 9 (RLIN) | 71074 |
| 245 10 - MENCIÓN DE TÍTULO | |
| Título | Eugenio Granell: Consorcio da cidade de Santiago Auditorio de Compostela / |
| Mención de responsabilidad, etc. | Eugenio Granell. |
| 260 ## - PUBLICACIÓN, DISTRIBUCIÓN, ETC. | |
| Lugar de publicación, distribución, etc. | Santiago de Compostela : |
| Nombre del editor, distribuidor, etc. | Consorcio da Cidade de Santiago de Compostela, |
| Fecha de publicación, distribución, etc. | 1993. |
| 300 ## - DESCRIPCIÓN FÍSICA | |
| Extensión | 212 p. : |
| Otras características físicas | il., lám. ; |
| Dimensiones | 31 cm. |
| 710 2# - PUNTO DE ACCESO ADICIONAL--NOMBRE DE ENTIDAD CORPORATIVA | |
| Nombre de entidad corporativa o nombre de jurisdicción como elemento de entrada | Consorcio da Cidade de Santiago de Compostela |
| 9 (RLIN) | 71075 |
| Estado de retiro | Estado de pérdida | Restricciones de uso | No para préstamo | Código de colección | Localización permanente | Ubicación/localización actual | Ubicación en estantería | Fecha de adquisición | Número de inventario | Total de préstamos | Signatura topográfica completa | Código de barras | Fecha visto por última vez | Precio válido a partir de | Tipo de ítem Koha |
|---|---|---|---|---|---|---|---|---|---|---|---|---|---|---|---|
| Excluido de préstamo | Monografías: Libros y Folletos | General | General | En catalogación | 14.03.2014 | LF1 | 43411-10 | 25.06.2020 | 25.06.2020 | No se presta | |||||
| Monografías: Libros y Folletos | General | General | Orden iniciada | 14.03.2014 | LF1 | 43412-10 | 25.06.2020 | 25.06.2020 | No se presta |
